2018 England World Cup Squad - Statistics

General Stats
  • This quiz has been taken 42 times
  • The average score is 18 of 23
Answer Stats
Club Position Caps Answer % Correct
Tottenham Hotspur ST 24 Harry Kane
100%
Leicester City CB 5 Harry Maguire
100%
Everton GK 3 Jordan Pickford
100%
Manchester City RB 35 Kyle Walker
100%
Leicester City ST 22 Jamie Vardy
97%
Manchester City CB 26 John Stones
97%
Liverpool RB 1 Trent Alexander Arnold
97%
Manchester United LW 19 Marcus Rashford
94%
Manchester City RW 38 Raheem Sterling
94%
Liverpool CDM 39 Jordan Henderson
91%
Tottenham Hotspur CAM 25 Dele Alli
83%
Chelsea CB 60 Gary Cahill
83%
Burnley GK 1 Nick Pope
77%
Tottenham Hotspur LB 18 Danny Rose
74%
Manchester United CAM 12 Jesse Lingard
74%
Tottenham Hotspur CDM 26 Eric Dier
71%
Arsenal ST 39 Danny Welbeck
66%
Tottenham Hotspur RB 7 Kieran Trippier
66%
Manchester United CB 25 Phil Jones
66%
Stoke City GK 8 Jack Butland
63%
Manchester United LWB 34 Ashley Young
54%
Manchester City LB 11 Fabian Delph
49%
Crystal Palace CM 4 Ruben Loftus-Cheek
26%
No matching quizzes found
Score Distribution
Percent of People with Each Score
Percentile by Number Answered
Your Score History
You have not taken this quiz